Podnikateľský plán existujúceho podnikateľského subjektu bakalárska práca

Enregistré dans:
Détails bibliographiques
Auteur principal: Trunková, Adriána
Collectivité auteur: Fakulta podnikového manažmentu EU. Katedra podnikovohospodárska
Autres auteurs: Raková, Monika, 1991-
Format: Livre
Langue:slovaque
Publié: Bratislava 2021
Tags: Ajouter un tag
Pas de tags, Soyez le premier à ajouter un tag!

MARC

LEADER 00000nbm a2200000 4500
001 0275635
005 20211118105938.9
041 0 |a slo 
044 |a SK 
245 1 0 |a Podnikateľský plán existujúceho podnikateľského subjektu  |b bakalárska práca  |c Adriána Trunková ; školiteľ: Monika Raková 
264 1 |a Bratislava  |c 2021 
300 |a 51 s. 
100 1 |a Trunková, Adriána 
700 1 |a Raková, Monika, 1991- 
710 2 |a Fakulta podnikového manažmentu EU. Katedra podnikovohospodárska